000 00817nam a2200253 i 4500
001 185492
003 SpMaBN
005 20250728030933.0
008 160613s1996 sp |||| | spa d
020 _a84-350-1417-7
080 _a77
100 1 _aSontag, Susan.
_9107309
245 1 0 _aSobre la fotografía /
_cSusan Sontag ; traducción de Carlos Gardini.
250 _a1ª ed.
_b4ª reimp.
260 _aBarcelona :
_bEdhasa,
_c1996.
300 _a217 p. ;
_c19 cm.
490 1 _aPerspectivas
586 _aEn contracub.: Premio a la crítica del National Book Critics Circle, en 1977
650 0 7 _aFotografía
_2embne
_912943
700 1 _aGardini, Carlos.
_955503
830 0 _aPerspectivas
_9183529
852 _aES-MaACL
_jL-30380
_z. - Donat. Miguel A. Velasco
999 _c185492
_d185492